Technical Barriers to Trade and the Exports of Central and Eastern European Countries to the EU: an Overview

Enregistré dans:
Détails bibliographiques
Auteur principal: Čaplánová, Anetta, 1967-
Autres auteurs: Dezséri, Kálmán
Format: Chapitre de livre
Langue:anglais
Tags: Ajouter un tag
Pas de tags, Soyez le premier à ajouter un tag!

MARC

LEADER 00000naa$a2200000$$$4500
001 0112775
005 20240502083300.1
041 0 |a eng 
044 |a GB 
245 1 0 |a Technical Barriers to Trade and the Exports of Central and Eastern European Countries to the EU: an Overview  |c Anetta Čaplánová, Kálmán Dezséri 
100 1 |a Čaplánová, Anetta, 1967- 
700 1 |a Dezséri, Kálmán